Monsignor Quixote / (Record no. 3463)

MARC details
000 -LEADER
fixed length control field 00862nam a22002417a 4500
001 - CONTROL NUMBER
control field 3463
003 - CONTROL NUMBER IDENTIFIER
control field FISKH
005 - DATE AND TIME OF LATEST TRANSACTION
control field 20240307135248.0
008 - FIXED-LENGTH DATA ELEMENTS--GENERAL INFORMATION
fixed length control field 240307b cb ||||| |||| 00| 0 eng d
040 ## - CATALOGING SOURCE
Original cataloging agency FISK
Language of cataloging eng
Transcribing agency FISK
Modifying agency FISK
050 ## - LIBRARY OF CONGRESS CALL NUMBER
Classification number PR6013.R44
082 ## - DEWEY DECIMAL CLASSIFICATION NUMBER
Classification number 823.912
100 ## - MAIN ENTRY--PERSONAL NAME
Personal name Greene Graham
Dates associated with a name 1904-1991
245 ## - TITLE STATEMENT
Title Monsignor Quixote /
Statement of responsibility, etc. Graham Greene
260 ## - PUBLICATION, DISTRIBUTION, ETC.
Place of publication, distribution, etc. London :
Name of publisher, distributor, etc. Graham Greene,
Date of publication, distribution, etc. 1982
300 ## - PHYSICAL DESCRIPTION
Extent 255 pages :
Dimensions 19 cm
505 ## - FORMATTED CONTENTS NOTE
Formatted contents note M
520 ## - SUMMARY, ETC.
Summary, etc. With Sancho Panza, a deposed Communist mayor, his faithful Rocinate, an antiquated motorcar, Monsignor Quixote roams through modern-day Spain in a brilliant picaresque fable. Like Cervantes' classic, Monsignor Quixote offers enduring insights into our life and times.
521 8# - TARGET AUDIENCE NOTE
Target audience note estimates,
Source Lexiles
700 ## - ADDED ENTRY--PERSONAL NAME
Personal name Graham Greene
942 ## - ADDED ENTRY ELEMENTS (KOHA)
Source of classification or shelving scheme Dewey Decimal Classification
Koha item type Books
Suppress in OPAC No
Holdings
Withdrawn status Lost status Source of classification or shelving scheme Damaged status Not for loan Collection Home library Current library Shelving location Date acquired Total Checkouts Full call number Barcode Date last seen Copy number Price effective from Koha item type
    Dewey Decimal Classification     Fiction Footprints International School Library Network Toul Kork Campus Footprints International School Library Network Toul Kork Campus   03/07/2024   GRE PR6013.R44 823.912 2024-0280 03/07/2024 1 03/07/2024 Books